| 000 | 00803cab a2200265 4500 | ||
|---|---|---|---|
| 001 | WB3042-24 | ||
| 008 | 090401t1994 xxu||||| |||| 00| 0 eng d | ||
| 035 | _a(Sirsi) u77109 | ||
| 041 | _aeng | ||
| 245 | _aBill for cleaner air | ||
| 260 | _c1994 | ||
| 350 | _a0 | ||
| 490 |
_aEvening Standard _v7 November 1994, 3 |
||
| 490 |
_aGuardian _v(Society) 9 November 1994, 2(2) |
||
| 520 | _aLondon drivers are warned by RAC that they will have to pay an extra £1,900 a year under plans to reduce air pollution. | ||
| 650 | _aAIR POLLUTION | ||
| 650 | _aCAR USERS | ||
| 650 | _aCOSTS | ||
| 650 | _aROAD PRICING | ||
| 650 | _aROYAL COMMISSION ON ENVIRONMENTAL POLLUTION | ||
| 650 | _aTRAFFIC CONGESTION | ||
| 690 | _aENVIRONMENTAL AND LAND CONSULTANCY | ||
| 942 | _n0 | ||
| 948 | _c04/03/1997 | ||
| 999 |
_c48468 _d48468 |
||